Dynasties and regimes changes - England - Statistics

General Stats
  • This quiz has been taken 20 times
  • The average score is 5 of 14
Answer Stats
Dynasty/Regime Year % Correct
Godwin 1066
100%
Normandy 1066
100%
Saxe-Coburg and Gotha 1901
65%
Stuart 1603
59%
Hanover 1714
47%
Tudor 1485
35%
Commonwealth 1649
35%
Stuart 1660
35%
Jelling 1013
12%
Wessex 1014
12%
Jelling 1016
12%
Wessex 1042
12%
Blois 1135
6%
Plantagenet 1154
6%
No matching quizzes found
Score Distribution
Percent of People with Each Score
Percentile by Number Answered
Your Score History
You have not taken this quiz